Normas, libertad y autonomía.

Guardado en:
Formato: Deslizar
Series:Explora Pedagogía
Materias:
Etiquetas: Agregar Etiqueta
Sin Etiquetas, Sea el primero en etiquetar este registro!
LEADER 01008ngm a22002775g 4500
001 CEM.cems022970
008 130507b2010##################0###0#####d
005 20241128134345.0
245 0 0 |a Normas, libertad y autonomía. 
300 |a 28'. 
490 0 |a Explora Pedagogía 
500 |a En soporte VHS, consultar en ventanilla. 
505 0 |a La escuela elemental y sus normas. La escuela normalizadora. Orígenes de la disciplina. El sentido de la autoridad. La ausencia de reglas de juego. Códigos de convivencia. La construcción de la norma y de la autoridad. 
538 |a Soporte: VHS - Norma: Pal N - Color: Si - Grabación DRD 2010 - Hitachi=5030 
082 3 7 |/ ENC-1 
653 |a EDUCACION 
653 |a PEDAGOGIA 
653 |a NORMAS 
653 |a LIBERTAD 
653 |a AUTONOMIA 
653 |a CODIGOS 
653 |a AUTORIDAD 
653 |a DISCIPLINA 
653 |a NIVEL PRIMARIO 
653 |a NIVEL SECUNDARIO 
859 |a CEMS  |b BIB. CEMS - Depto. Recursos Didacticos  |h 370  |i ENC-1  |k DRD  |p 1613.12  |t Ej.1